00531 2200205 4500001002100000005001700021035002400038040001200062082001000074084001800084100002100102245007500123260003300198300002700231650001000258850001200268990001500280990001500295990001500310YOGYA00000000001305920170214084848.0 0010-081400000012777 aYOPDYOG a028.5 aK 028.5 Bas S aBasir, Luis, Ibu aSyair campur sari :buntuk kelompok B-C TK Buku II /cBasir, Luis, Ibu aKlatenbIntan Pariwarac1989 a10 hlm.bilus.c20 cm. aSyair aYOPDYOG a72968-P/95 a72967-P/95 a72966-P/95